000 00674nam a2200181 a 4500
008 201113s2002 ||||||||||||||||| || u
020 _a9780130915429
050 _aQB 43.3 Cha
100 _aChaisson Eric
245 1 0 _aAstronomy today (4th edition)
_cBy Eric Chaisson; Steve McMillan
250 _a4th edition
260 _aUpper Saddle River
_bPrentice Hall
_c2002
300 _axiii, 757 pages: illustrations
350 _a50.67
650 _aASTRONOMY
700 _aMcMillan Steve
995 _aMEDICAL LIBRARY OPEN ACCESS
_e905191
_FCBU-SCHOOL OF MEDICINE LIBRARY (Ndola)
_I50.67
_jQB 43.3 Cha
_M1
_UAVAILABLE
_WNov 17, 2020
_y905191
_ZMedical Library Open Access Collection
999 _c30785
_d30785